Statystyki dla Losowe województwa na mapie Polski

Kliknij tutaj aby rozwiązać quiz!

Ogólne statystyki

  • Ten quiz został rozwiązany 212 razy
  • Średni wynik to 5 z 6

Odpowiedzi na mapie

Odpowiedzi skodowane kolorowo w zielono-czerwonej skali na mapie do tego quizu, zgodnie z poniższymi procentami.
 

Statystyki odpowiedzi

Województwa% Poprawnych
Mazowieckie
100%
Opolskie
100%
Pomorskie
100%
Zachodniopomorskie
100%
Dolnośląskie
93%
Łódzkie
93%
Podkarpackie
92%
Świętokrzyskie
91%
Śląskie
87%
Małopolskie
83%
Wielkopolskie
82%
Warmińsko - mazurskie
81%
Kujawsko - pomorskie
75%
Lubelskie
75%
Lubuskie
67%
Podlaskie
67%

Rozkład punktacji

Percentyl według liczby udzielonych odpowiedzi

Procent ludzi z każdym wynikiem

Twoja historia wyników

Nie rozwiązałeś tego quizu